Statistics for Kings and Pretenders (Game of Thrones / ASOIAF)

Click here to take the quiz!

General Stats

  • This quiz has been taken 1,385 times
  • The average score is 28 of 35

Answer Stats

HouseKing% Correct
House Baratheon of King's Landing (283 AC - 298 AC)King Robert I Baratheon
98%
House Baratheon of King's Landing (298 AC - 300 AC)King Joffrey I Baratheon
97%
House Targaryen of King's Landing (131 AC - 157 AC)King Aegon III "The Dragonbane" Targaryen
95%
House Targaryen of King's Landing (129 AC - 131 AC)King Aegon II "The Elder" Targaryen
95%
House Targaryen of King's Landing (1 AC - 37 AC)King Aegon I "The Conquerer" Targaryen
95%
House Targaryen of King's Landing (172 AC - 184 AC)King Aegon IV "The Unworthy" Targaryen
95%
House Targaryen of King's Landing (300 AC - Present)King Aegon VI "Young Griff" Targaryen
95%
House Targaryen of King's Landing (233 AC - 259 AC)King Aegon V "The Unlikely" Targaryen
95%
House Baratheon of King's Landing (300 AC - Present)King Tommen I Baratheon
95%
House Targaryen of King's Landing (42 AC - 43 AC)Prince Aegon Targaryen (son of Aenys I)
95%
House Baratheon of Dragonstone (299 AC - Present)King Stannis I Baratheon
94%
House Baratheon of Storm's End (299 AC - 298 AC)King Renly I Baratheon
91%
House Targaryen of King's Landing (283 AC - 298 AC)King Viserys III "The Beggar King" Targaryen
90%
House Targaryen of King's Landing (171 AC - 172 AC)King Viserys II Targaryen
90%
House Targaryen of King's Landing (103 AC - 129 AC)King Viserys I "The Young King" Targaryen
90%
House Stark of Winterfell (299 AC)King Robb I "The Young Wolf" Stark
89%
House Targaryen of King's Landing (262 AC - 283 AC)King Aerys II "The Mad King" Targaryen
87%
House Targaryen of King's Landing (209 AC - 221 AC)King Aerys I Targaryen
87%
House Greyjoy of Pyke (300 AC - Present)King Euron III "Crow's Eye" Greyjoy
85%
House Greyjoy of Pyke (289 AC) (299 AC)King Balon IX Greyjoy
84%
House Targaryen of King's Landing (298 AC - Present)Queen Daenerys I "The Unburnt" Targaryen
79%
House Targaryen of King's Landing (42 AC - 48 AC)King Maegor I "The Cruel" Targaryen
76%
House Blackfyre of King's Landing (219 AC - 236 AC)King Daemon III Blackfyre
75%
House Blackfyre of King's Landing (196 - Unknown)King Daemon II "The Younger" Blackfyre
75%
House Blackfyre of King's Landing (196 AC)King Daemon I "The Black Dragon" Blackfyre
75%
House Targaryen of King's Landing (259 AC - 262 AC)King Jaehaerys II Targaryen
75%
House Targaryen of King's Landing (48 AC - 103 AC)King Jaehaerys I "The Conciliator" Targaryen
75%
House Targaryen of King's Landing (161 AC - 171 AC)King Baelor I "The Blessed" Targaryen
71%
House Targaryen of King's Landing (37 AC - 42 AC)King Aenys I Targaryen
69%
House Targaryen of King's Landing (184 AC - 209 AC)King Daeron II "The Good" Targaryen
64%
House Targaryen of King's Landing (157 AC - 161 AC)King Daeron I "The Young Dragon" Targaryen
64%
House Targaryen of King's Landing (221 AC - 233 AC)King Maekar I "The Anvil" Targaryen
58%
House Targaryen of King's Landing (129 AC - 130 AC)Queen Rhaenyra I "The Ream's Delight" Targaryen
53%
House Blackfyre of King's Landing (Unknown - 260 AC)King Maelys I "The Monstrous" Blackfyre
42%
House Blackfyre of King's Landing (Unknown - 219 AC)King Haegon I Blackfyre
25%

Score Distribution

Percentile by Number Answered

Percent of People with Each Score

Your Score History

You have not taken this quiz